000 00797nam a2200205 a 4500
005 20220622111649.0
008 061205s2004 es r 000 0 spa d
020 _a8427714580
035 _aUPN01000148498
049 _aCE
050 4 _aQA159
_bG3.3
100 1 _aGavilán Bouzas, Paloma
_937507
245 1 0 _aAlgebra en secundaria :
_btrabajo cooperativo en matemáticas /
_cPaloma Gavilán Bouzas.
260 _aMadrid :
_bMinisterio de Educación y Ciencia :
_bNarcea,
_c2004.
300 _a3 fasc. en estuche :
_bil.
440 0 _aMateriales 12-16 para educación secundaria.
_pMatemáticas
505 8 _aContenido:
_g1.
_tAprendizaje cooperativo y organización del aula --
_g2.
_tMateriales --
_g3.
_tMateriales
650 4 _aAlgebra
_xEstudio y enseñanza (Secundaria)
_92078
905 _aLibro
999 _c120639
_d120639